[Event "Hessen-ch U16"]
[Site "Bad Homburg"]
[Date "2014.04.15"]
[Round "2"]
[White "Juschin, Christian"]
[Black "Oezdemir, Ali Oezden"]
[Result "1/2-1/2"]
[WhiteElo "1737"]
[BlackElo "1882"]
[PlyCount "87"]
[EventDate "2014.04.??"]
[EventType "swiss"]
[EventRounds "7"]
[EventCountry "GER"]
[SourceTitle "EXT 2022"]
[Source "ChessBase"]
[SourceDate "2021.10.06"]
[SourceVersion "1"]
[SourceVersionDate "2021.10.06"]
[SourceQuality "1"]

1. d4 Nf6 2. c4 g6 3. Nc3 Bg7 4. e4 d6 5. Nf3 0-0 6. Be2 e5 7. 0-0 Nc6 8. d5 Ne7 9. Ne1 Ne8 10. Be3 f5 11. f3 f4 12. Bf2 g5 13. a4 h5 14. a5 Rf7 15. c5 Ng6 16. cxd6 cxd6 17. Nb5 a6 18. Bb6 Qf6 19. Na7 Bd7 20. b4 Bf8 21. Rc1 Rg7 22. b5 g4 23. bxa6 bxa6 24. Bxa6 gxf3 25. Nxf3 Nh4 26. Nxh4 Qxh4 27. Bc8 Nf6 28. Bxd7 Rxd7 29. Rc8 Rdxa7 30. Qc2 Rxa5 31. Rxf8+ Rxf8 32. Bxa5 Ng4 33. h3 Ne3 34. Qf2 Qxf2+ 35. Rxf2 Rc8 36. Bd2 Rc4 37. Bxe3 fxe3 38. Re2 Rxe4 39. g3 Kf7 40. Kg2 Kf6 41. Kf3 Rd4 42. Kxe3 Rxd5 43. Rf2+ Kg6 44. Rf8 1/2-1/2

[Event "Hessen-ch U16"]
[Site "Bad Homburg"]
[Date "2014.04.14"]
[Round "1"]
[White "Friedrich, Marvin"]
[Black "Juschin, Christian"]
[Result "0-1"]
[WhiteElo "921"]
[BlackElo "1737"]
[PlyCount "56"]
[EventDate "2014.04.??"]
[EventType "swiss"]
[EventRounds "7"]
[EventCountry "GER"]
[SourceTitle "EXT 2022"]
[Source "ChessBase"]
[SourceDate "2021.10.06"]
[SourceVersion "1"]
[SourceVersionDate "2021.10.06"]
[SourceQuality "1"]

1. d4 Nf6 2. c4 g6 3. Nc3 Bg7 4. Nf3 0-0 5. Bg5 d6 6. e3 Nbd7 7. Bd3 c5 8. d5 h6 9. Bxf6 Bxf6 10. Qc2 Ne5 11. Nxe5 Bxe5 12. f4 Bg7 13. 0-0 f5 14. Kh1 Rf7 15. e4 Qf8 16. Ne2 fxe4 17. Bxe4 Bf5 18. Bxf5 Rxf5 19. g4 Rf6 20. Kg1 Qf7 21. Rf2 Rf8 22. Raf1 e6 23. Ng3 exd5 24. cxd5 Qxd5 25. g5 hxg5 26. fxg5 Rxf2 27. Rxf2 Rxf2 28. Qxf2 Bd4 0-1

[Event "Hessen-ch U14"]
[Site "Bad Homburg"]
[Date "2013.??.??"]
[Round "2"]
[White "Juschin, Christian"]
[Black "Mager, Denis"]
[Result "0-1"]
[WhiteElo "1723"]
[BlackElo "2013"]
[PlyCount "76"]
[EventDate "2013.03.??"]
[EventType "swiss"]
[EventRounds "7"]
[EventCountry "GER"]
[SourceTitle "EXT 2014"]
[Source "ChessBase"]
[SourceDate "2013.11.20"]
[SourceVersion "1"]
[SourceVersionDate "2013.11.20"]
[SourceQuality "1"]

1. d4 Nf6 2. c4 c5 3. d5 e6 4. Nc3 exd5 5. cxd5 d6 6. Bg5 a6 7. a4 g6 8. e4 Bg7 9. Bd3 0-0 10. Nge2 Re8 11. 0-0 Qc7 12. Qc2 Nbd7 13. Bc4 Ne5 14. b3 h6 15. Bh4 Nfg4 16. h3 Nxc4 17. bxc4 Ne5 18. a5 Bd7 19. Qb3 Nd3 20. Ra3 Nb4 21. f3 f5 22. Bg3 Rab8 23. Re1 b5 24. Nc1 bxc4 25. Qxc4 Nc2 26. Nb5 Nxa3 27. Nxa3 Qxa5 28. Nc2 Bb5 29. Qa2 Qxa2 30. Nxa2 Bd3 31. Na1 Bd4+ 32. Kh1 fxe4 33. f4 Rb1 34. Nc1 Reb8 35. Nab3 R8xb3 36. Nxb3 Rxb3 37. Bh4 e3 38. f5 gxf5 0-1

[Event "Hessen-ch U14"]
[Site "Bad Homburg"]
[Date "2013.??.??"]
[Round "1"]
[White "Rogalski, Maximilian"]
[Black "Juschin, Christian"]
[Result "0-1"]
[WhiteElo "1217"]
[BlackElo "1723"]
[PlyCount "56"]
[EventDate "2013.03.??"]
[EventType "swiss"]
[EventRounds "7"]
[EventCountry "GER"]
[SourceTitle "EXT 2014"]
[Source "ChessBase"]
[SourceDate "2013.11.20"]
[SourceVersion "1"]
[SourceVersionDate "2013.11.20"]
[SourceQuality "1"]

1. e4 d5 2. exd5 Qxd5 3. Nc3 Qd6 4. d4 Nf6 5. h3 a6 6. Nge2 b5 7. Bf4 Qb6 8. Ng3 Bb7 9. Be2 Bxg2 10. Rh2 Bb7 11. Bf3 e6 12. Nce4 Nbd7 13. Be3 Bd5 14. Nxf6+ Nxf6 15. Bxd5 Nxd5 16. Qf3 Rc8 17. 0-0-0 c5 18. dxc5 Bxc5 19. Bxc5 Qxc5 20. Qe2 0-0 21. a3 Rfd8 22. Qd2 Qc7 23. f3 Qxg3 24. Qf2 Qf4+ 25. Kb1 Nc3+ 26. bxc3 Rxd1+ 27. Kb2 Qc1+ 28. Kb3 Qb1# 0-1

[Event "Hessen-ch U14"]
[Site "Bad Homburg"]
[Date "2013.??.??"]
[Round "5"]
[White "Thiel, Moritz"]
[Black "Juschin, Christian"]
[Result "0-1"]
[WhiteElo "1381"]
[BlackElo "1723"]
[PlyCount "120"]
[EventDate "2013.03.??"]
[EventType "swiss"]
[EventRounds "7"]
[EventCountry "GER"]
[SourceTitle "EXT 2014"]
[Source "ChessBase"]
[SourceDate "2013.11.20"]
[SourceVersion "1"]
[SourceVersionDate "2013.11.20"]
[SourceQuality "1"]

1. e4 d5 2. exd5 Qxd5 3. Nc3 Qa5 4. Nf3 Nf6 5. Bc4 Bg4 6. d4 e6 7. Qd3 Nc6 8. Bd2 Nb4 9. Qe2 Nxc2+ 10. Kf1 Nxd4 11. Qd3 Nxf3 12. gxf3 Bf5 13. Qe2 Bb4 14. Kg2 0-0 15. a3 Bxc3 16. Bxc3 Qb6 17. Rhg1 Bg6 18. Rad1 Rad8 19. Rd2 Rd6 20. Be5 Rxd2 21. Qxd2 Qc5 22. Bxf6 gxf6 23. Bb3 Qg5+ 24. Qxg5 fxg5 25. Rd1 Rc8 26. Rd7 Kf8 27. Kg3 a6 28. f4 gxf4+ 29. Kxf4 Ke8 30. Rd2 Rd8 31. Rxd8+ Kxd8 32. Kg4 Ke7 33. f4 f6 34. a4 a5 35. Bc4 Kd6 36. Kf3 e5 37. fxe5+ fxe5 38. Bb3 Kc5 39. Bd1 Bh5+ 40. Ke4 Bxd1 41. Kxe5 h5 42. Kf5 Kb4 43. Ke6 Kxa4 44. Kd7 Kb3 45. Kxc7 Kxb2 46. Kxb7 a4 47. Kc6 a3 48. Kd5 a2 49. h4 a1Q 50. Kd4 Kc2+ 51. Kd5 Qa4 52. Kc5 Kc3 53. Kd5 Qf4 54. Kc5 Qd4+ 55. Kb5 Qc4+ 56. Ka5 Qb4+ 57. Ka6 Kc4 58. Ka7 Qb5 59. Ka8 Bf3+ 60. Ka7 Qb7# 0-1

[Event "Karl Mala Memorial op 15th"]
[Site "Frankfurt"]
[Date "2012.07.08"]
[Round "7"]
[White "Froehlich Dill, Astrid"]
[Black "Juschin, Christian"]
[Result "1-0"]
[WhiteElo "1943"]
[BlackElo "1731"]
[PlyCount "107"]
[EventDate "2012.07.05"]
[EventType "swiss"]
[EventRounds "7"]
[EventCountry "GER"]
[SourceTitle "CBM 149 Extra"]
[Source "ChessBase"]
[SourceDate "2012.08.24"]
[SourceVersion "1"]
[SourceVersionDate "2012.08.24"]
[SourceQuality "1"]

1. d4 Nf6 2. c4 g6 3. Nc3 Bg7 4. e4 d6 5. f3 0-0 6. Be3 e5 7. Qd2 Re8 8. d5 Nbd7 9. Nge2 Nh5 10. g4 Nf4 11. Nxf4 exf4 12. Bxf4 Ne5 13. Be2 f5 14. gxf5 gxf5 15. 0-0-0 fxe4 16. Nxe4 Ng6 17. Bg5 Qd7 18. Nf6+ Bxf6 19. Bxf6 Qf5 20. Bc3 Nf4 21. Rhg1+ Kf8 22. Bd3 Nxd3+ 23. Qxd3 Qxd3 24. Rxd3 Bf5 25. Rd4 Bg6 26. Rf4+ Ke7 27. h4 Rf8 28. Bd2 Rxf4 29. Bxf4 Rf8 30. Bg5+ Kd7 31. f4 Re8 32. Kd2 Re4 33. b3 Re8 34. Rg3 Re4 35. Rf3 Bf5 36. a3 Rd4+ 37. Kc3 Rd1 38. Re3 Rc1+ 39. Kd2 Rc2+ 40. Kd1 b6 41. Re7+ Kc8 42. Rf7 Be4 43. f5 Rf2 44. f6 Bg6 45. Rf8+ Kb7 46. Ke1 Rb2 47. Rh8 Rb1+ 48. Kf2 Rh1 49. Rxh7 Bxh7 50. f7 Bd3 51. Bf4 Rf1+ 52. Ke3 Re1+ 53. Kxd3 Re8 54. fxe8Q 1-0

[Event "Karl Mala Memorial op 15th"]
[Site "Frankfurt"]
[Date "2012.07.06"]
[Round "3"]
[White "Stork, Oliver"]
[Black "Juschin, Christian"]
[Result "0-1"]
[WhiteElo "1263"]
[BlackElo "1731"]
[PlyCount "104"]
[EventDate "2012.07.05"]
[EventType "swiss"]
[EventRounds "7"]
[EventCountry "GER"]
[SourceTitle "CBM 149 Extra"]
[Source "ChessBase"]
[SourceDate "2012.08.24"]
[SourceVersion "1"]
[SourceVersionDate "2012.08.24"]
[SourceQuality "1"]

1. e4 d5 2. exd5 Qxd5 3. Nc3 Qd6 4. d4 Nf6 5. Nf3 a6 6. Bg5 Nbd7 7. Bc4 b5 8. Bb3 Bb7 9. 0-0 Ng4 10. d5 Ndf6 11. Bh4 c5 12. dxc6 Qxd1 13. Raxd1 Bxc6 14. Bxf6 Bxf3 15. gxf3 Nxf6 16. Nd5 Rc8 17. Rd2 e6 18. Re1 Bc5 19. Nxf6+ gxf6 20. f4 f5 21. Bd5 Rg8+ 22. Kh1 Rg4 23. Bb7 Rb8 24. Bxa6 Rxf4 25. Rg1 Ra4 26. Rg8+ Bf8 27. Rd6 Rxa2 28. c4 bxc4 29. Bxc4 Raxb2 30. Kg2 R2b4 31. Be2 Ke7 32. Rc6 Bh6 33. Rxb8 Rxb8 34. Bh5 Rd8 35. Rc7+ Rd7 36. Rxd7+ Kxd7 37. Bxf7 Ke7 38. Bg8 Kf6 39. Kg3 Bf8 40. Bxh7 Kg7 41. Bxf5 exf5 42. Kf4 Kf6 43. h4 Bd6+ 44. Ke3 Kg6 45. Kf3 Kh5 46. Kg2 Kxh4 47. f3 Kg5 48. Kf1 Kf4 49. Kf2 Bc7 50. Ke2 Kg3 51. Ke1 Kxf3 52. Kf1 f4 0-1

[Event "Rhein Main op-B 15th"]
[Site "Bad Homburg"]
[Date "2012.06.09"]
[Round "6"]
[White "Juschin, Christian"]
[Black "Francke, Helmut"]
[Result "1/2-1/2"]
[WhiteElo "1703"]
[BlackElo "1996"]
[PlyCount "36"]
[EventDate "2012.06.06"]
[EventType "swiss"]
[EventRounds "7"]
[EventCountry "GER"]
[SourceTitle "EXT 2013"]
[Source "ChessBase"]
[SourceDate "2012.11.22"]
[SourceVersion "1"]
[SourceVersionDate "2012.11.22"]
[SourceQuality "1"]

1. d4 Nf6 2. c4 g6 3. Nc3 Bg7 4. e4 d6 5. Nf3 0-0 6. Be2 Nbd7 7. 0-0 e5 8. d5 Nc5 9. Qc2 a5 10. Ne1 Kh8 11. f3 Nh5 12. Nd3 Nxd3 13. Bxd3 Nf4 14. Be3 b6 15. a3 Bh6 16. Kh1 Rg8 17. Bg1 Bd7 18. b4 axb4 1/2-1/2

[Event "Hessen-ch U14"]
[Site "Bad Homburg"]
[Date "2012.??.??"]
[Round "1"]
[White "Hafensteiner, Tim"]
[Black "Juschin, Christian"]
[Result "1-0"]
[WhiteElo "962"]
[BlackElo "1703"]
[PlyCount "79"]
[EventDate "2012.04.??"]
[EventType "swiss"]
[EventRounds "9"]
[EventCountry "GER"]
[SourceTitle "EXT 2015"]
[Source "ChessBase"]
[SourceDate "2014.11.20"]
[SourceVersion "1"]
[SourceVersionDate "2014.11.20"]
[SourceQuality "1"]

1. c4 Nf6 2. g3 g6 3. Bg2 Bg7 4. e3 0-0 5. Ne2 d6 6. 0-0 Nbd7 7. Nbc3 c6 8. b3 Nc5 9. d4 Ncd7 10. Bd2 Qb6 11. Na4 Qc7 12. Rc1 Nb6 13. Nxb6 axb6 14. Nc3 Rd8 15. a4 e5 16. Re1 exd4 17. exd4 Ng4 18. Bf4 Ne5 19. Bg5 f6 20. Bxf6 Bxf6 21. dxe5 Bxe5 22. f4 Bf6 23. Ne4 Bg7 24. Ng5 c5 25. Bd5+ Kh8 26. Nf7+ Kg8 27. Nxd8+ Kf8 28. Ne6+ Bxe6 29. Bxe6 Bd4+ 30. Kg2 Qc6+ 31. Bd5 Qd7 32. Qe2 h5 33. Qe6 Qh7 34. Qxd6+ Kg7 35. Re7+ Kh8 36. Rxh7+ Kxh7 37. Qe7+ Kh8 38. Qg5 Bg7 39. Qxg6 h4 40. Qh5+ 1-0